<?xml version="1.0" encoding="UTF-8"?>
<record
    xmlns:xsi="http://www.w3.org/2001/XMLSchema-instance"
    xsi:schemaLocation="http://www.loc.gov/MARC21/slim http://www.loc.gov/standards/marcxml/schema/MARC21slim.xsd"
    xmlns="http://www.loc.gov/MARC21/slim">

  <leader>01206nam a2200205 a 4500</leader>
  <controlfield tag="001">000046310</controlfield>
  <controlfield tag="005">20250123094354.0</controlfield>
  <controlfield tag="008">150722s2010    dr abc        000 0 spa d</controlfield>
  <datafield tag="040" ind1=" " ind2=" ">
    <subfield code="a">DO-SdBNP</subfield>
    <subfield code="b">spa</subfield>
    <subfield code="c">BNPHU</subfield>
  </datafield>
  <datafield tag="082" ind1=" " ind2=" ">
    <subfield code="a">xxxx</subfield>
    <subfield code="b">xxxx</subfield>
  </datafield>
  <datafield tag="100" ind1="1" ind2=" ">
    <subfield code="a">D&#xED;az Herrera, Miguel &#xC1;ngel</subfield>
    <subfield code="d">1950-</subfield>
    <subfield code="9">78207</subfield>
  </datafield>
  <datafield tag="245" ind1="1" ind2="0">
    <subfield code="a">Cevicos en la historia dominicana /</subfield>
    <subfield code="c">Miguel &#xC1;ngel D&#xED;az Herrera ; pr&#xF3;logo Ram&#xF3;n Paniagua Herrera.</subfield>
  </datafield>
  <datafield tag="260" ind1=" " ind2=" ">
    <subfield code="a">Santo Domingo :</subfield>
    <subfield code="b">Impresos La Escalera,</subfield>
    <subfield code="c">2010.</subfield>
  </datafield>
  <datafield tag="300" ind1=" " ind2=" ">
    <subfield code="a">240 p. :</subfield>
    <subfield code="b">il., mapas, retrs. ;</subfield>
    <subfield code="c">21 cm.</subfield>
  </datafield>
  <datafield tag="500" ind1=" " ind2=" ">
    <subfield code="a">Incluye datos biogr&#xE1;ficos del autor en la solapa de la contracubierta</subfield>
  </datafield>
  <datafield tag="500" ind1=" " ind2=" ">
    <subfield code="a">Incluye referencias bibliogr&#xE1;ficas y notas al pie de las p&#xE1;ginas.</subfield>
  </datafield>
  <datafield tag="504" ind1=" " ind2=" ">
    <subfield code="a">Bibliograf&#xED;a : p. 237-340</subfield>
  </datafield>
  <datafield tag="505" ind1="0" ind2=" ">
    <subfield code="g">Cap&#xED;tulo I --</subfield>
    <subfield code="t">Cevicos. Su ubicaci&#xF3;n geogr&#xE1;fica --</subfield>
    <subfield code="g">Cap&#xED;tulo II --</subfield>
    <subfield code="t">Or&#xED;genes del pueblo de cevicos --</subfield>
    <subfield code="g">Cap&#xED;tulo III --</subfield>
    <subfield code="t">Cevicos en el siglo XVII -</subfield>
    <subfield code="g">Cap&#xED;tulo IV --</subfield>
    <subfield code="t">Datos cronol&#xF3;gicos del siglo XIX -</subfield>
    <subfield code="g">Cap&#xED;tulo V --</subfield>
    <subfield code="t">Cronolog&#xED;a de cevicos en el siglo XX --</subfield>
    <subfield code="g">Cap&#xED;tulo VI --</subfield>
    <subfield code="t">Cevicos desde 1980 hasta la actualidad --</subfield>
    <subfield code="g">Cap&#xED;tulo VII --</subfield>
    <subfield code="t">Partici&#xF3;n y saneamiento territorial del sitio de cevicos.</subfield>
  </datafield>
  <datafield tag="700" ind1="1" ind2="2">
    <subfield code="a">Paniagua Herrera, Ram&#xF3;n,</subfield>
    <subfield code="e">pr&#xF3;l.</subfield>
    <subfield code="9">74328</subfield>
  </datafield>
  <datafield tag="952" ind1=" " ind2=" ">
    <subfield code="0">0</subfield>
    <subfield code="1">0</subfield>
    <subfield code="7">1</subfield>
    <subfield code="8">PD</subfield>
    <subfield code="a">PD</subfield>
    <subfield code="b">PD</subfield>
    <subfield code="c">CT</subfield>
    <subfield code="d">2015-07-22</subfield>
    <subfield code="i">LF1</subfield>
    <subfield code="l">0</subfield>
    <subfield code="o">xxxx xxxx</subfield>
    <subfield code="p">46310-10</subfield>
    <subfield code="r">2020-06-25</subfield>
    <subfield code="w">2020-06-25</subfield>
    <subfield code="y">LFPD</subfield>
    <subfield code="Z">No se presta</subfield>
  </datafield>
  <datafield tag="999" ind1=" " ind2=" ">
    <subfield code="c">45799</subfield>
    <subfield code="d">45799</subfield>
  </datafield>
</record>
